000 00673nam a2200229Ia 4500
003 OSt
005 20220925232219.0
006 a|||||r|||| 00| 0
007 ta
008 220923b |||||||| |||| 00| 0 eng d
037 _cGeneral Book
040 _aRTL
_cRTL
_beng
041 _2eng
_aeng
082 _aX62.72.N6, K3
100 _aGalabraith John Alexander
_9296912
245 0 _aEconomics of banking operation
260 _aMontreal
_bMcgill university press
_c1963
300 _a510p. Bib p 477-493
_ccm.
650 _aOther Countries
_9231018
942 _hX62.72.N6, K3
_cGB
_2CC
999 _c590685
_d590685